000 00643nab a2200193 4500
001 244442
003 OSt
005 20260209124042.0
007 tu
008 260209s2020|||||||
040 _aDE-2950
_cDE-2950
245 0 0 _aSVF reagiert auf Kritik
_bÖPNV. Der neue Fahrplan und Umstellungen bei der Buslinie 981 sorgen für Unmut, vor allem in Hansa Nord. Doch es zeichnet sich offenbar eine Lösung ab/
_cThomas Meiler
264 _c2025
653 _aFrankfurt (Oder)
653 _aSVF
653 _aFahrplanänderung
773 0 _g37. Jahrgang (2026) Nr. 25 vom 30.01.2026 , S. 13 mit Foto
_tMärkische Oderzeitung
942 _2z
_cA
999 _c374269
_d374269